Intimate theatre / (Record no. 143323)

MARC details
000 -LEADER
fixed length control field 00606nam a22001937a 4500
005 - DATE AND TIME OF LATEST TRANSACTION
control field 20170814112316.0
010 ## - LCCN (DPL NO)
LC control number ENG-119761
020 ## - INTERNATIONAL STANDARD BOOK NUMBER
Terms of availability 199.00
International Standard Book Number 9788189140779
035 ## - SYSTEM CONTROL NUMBER
System control number EN-103293
037 ## - SOURCE OF ACQUISITION
Source of stock number/acquisition DBAD/PUB
082 ## - DEWEY DECIMAL CLASSIFICATION NUMBER
Classification number 792.01
100 ## - MAIN ENTRY--PERSONAL NAME
Personal name Sengupta, Goutam
245 ## - TITLE STATEMENT
Title Intimate theatre /
Statement of responsibility, etc by Goutam Sengupta ; translated by Gautam Bandhopadhyay
260 ## - PUBLICATION, DISTRIBUTION, ETC. (IMPRINT)
Place of publication, distribution, etc Kolkata
Name of publisher, distributor, etc Sparrow Publication
Date of publication, distribution, etc 2014
270 ## - ADDRESS
City Kolkata (West Bengal)
Address 2, Beniapukar Lane,
Postal code 700014
300 ## - PHYSICAL DESCRIPTION
Extent 106p. :
Dimensions 21cm(pbk)
Other physical details ill.
700 ## - ADDED ENTRY--PERSONAL NAME
Personal name Bandhopadhyay, Gautam
942 ## - ADDED ENTRY ELEMENTS (KOHA)
Item type English Books
Classification part 792.01
Call number suffix SEN
Source of classification or shelving scheme Dewey Decimal Classification
Holdings
Withdrawn status Lost status Not for loan Collection code Home library Current library Date acquired Source of acquisition Cost, normal purchase price Full call number Barcode Copy number Cost, replacement price Koha item type
    Not For Loan Non-fiction D.B.Act.Division Bawana 14/08/2017 DBAD/PUB 199.00 792.01 SEN EN-103293 1 199.00 English Books

© Delhi Public Library
Hit Counter
free hit counter